[Event "11th LCC Super Blitz 2019"]
[Site "London"]
[Date "2019.12.08"]
[Round "3.12"]
[White "Muhunthan, Charukgan"]
[Black "Sandhu, Manvith"]
[Result "0-1"]
[WhiteElo "1401"]
[BlackElo "1673"]
[Annotator "NA"]
[PlyCount "137"]
[EventDate "2019.12.08"]
[EventType "swiss"]
[EventCountry "ENG"]
[SourceTitle "playchess.com"]
[Source "ChessBase"]
[SourceQuality "1"]
[TimeControl "180+2"]

1. e4 {[%emt 0:00:00]} Nc6 {[%emt 0:00:00]} 2. Nf3 {[%emt 0:00:02]} d6 {[%emt 0:00:00]} 3. d4 {[%emt 0:00:01]} Nf6 {[%emt 0:00:00]} 4. Nc3 {[%emt 0:00:02]} g6 {[%emt 0:00:01]} 5. Be3 {[%emt 0:00:01]} Bg7 {[%emt 0:00:01]} 6. Bc4 {[%emt 0:00:02]} O-O {[%emt 0:00:02]} 7. Qd2 {[%emt 0:00:01]} a6 {[%emt 0:00:10]} 8. a4 {[%emt 0:00:02]} Nb8 {[%emt 0:00:16]} 9. h3 {[%emt 0:00:09]} Nbd7 {[%emt 0:00:01]} 10. Bh6 {[%emt 0:00:02]} c5 {[%emt 0:00:22]} 11. Bxg7 Kxg7 {[%emt 0:00:01]} 12. d5 {[%emt 0:00:09]} Nb6 {[%emt 0:00:02]} 13. Ba2 {[%emt 0:00:05]} Qd7 {[%emt 0:00:04]} 14. a5 {[%emt 0:00:16]} Na4 {[%emt 0:00:10]} 15. Qe2 {[%emt 0:00:47]} Nxc3 {[%emt 0:00:09]} 16. bxc3 {[%emt 0:00:01]} Qa4 {[%emt 0:00:01]} 17. O-O {[%emt 0:00:31]} Qxe4 {[%emt 0:00:06]} 18. Qxe4 Nxe4 {[%emt 0:00:01]} 19. Rfe1 {[%emt 0:00:13]} Nxc3 {[%emt 0:00:05]} 20. Rxe7 {[%emt 0:00:01]} Kf6 {[%emt 0:00:38]} 21. Re3 {[%emt 0:00:14]} Nb5 {[%emt 0:00:04]} 22. c4 {[%emt 0:00:05]} Nc7 {[%emt 0:00:24]} 23. Rae1 {[%emt 0:00:01]} Bd7 {[%emt 0:00:05]} 24. Nd2 {[%emt 0:00:07]} Rfe8 {[%emt 0:00:26]} 25. Ne4+ {[%emt 0:00:01]} Ke5 {[%emt 0:00:02]} 26. Nxc5+ {[%emt 0:00:13]} Kd4 {[%emt 0:00:07]} 27. Nxd7 {[%emt 0:00:03]} Rxe3 {[%emt 0:00:05]} 28. Rxe3 {[%emt 0:00:02]} f5 {[%emt 0:00:15]} 29. Nf6 {[%emt 0:00:25]} Rf8 {[%emt 0:00:08]} 30. Nd7 {[%emt 0:00:03]} Rf7 {[%emt 0:00:03]} 31. Nb6 {[%emt 0:00:05]} f4 {[%emt 0:00:04]} 32. Rf3 {[%emt 0:00:05]} Ne8 {[%emt 0:00:05]} 33. Kf1 {[%emt 0:00:05]} Ng7 {[%emt 0:00:02]} 34. g3 {[%emt 0:00:02]} g5 {[%emt 0:00:05]} 35. gxf4 {[%emt 0:00:03]} gxf4 {[%emt 0:00:01]} 36. Ke2 {[%emt 0:00:01]} Nf5 {[%emt 0:00:01]} 37. Rd3+ {[%emt 0:00:02]} Ke4 {[%emt 0:00:01]} 38. f3+ {[%emt 0:00:01]} Ke5 {[%emt 0:00:01]} 39. Rd2 {[%emt 0:00:02]} Ng3+ {[%emt 0:00:02]} 40. Kf2 {[%emt 0:00:00]} Nf5 {[%emt 0:00:01]} 41. Re2+ {[%emt 0:00:01]} Kd4 {[%emt 0:00:01]} 42. Re4+ {[%emt 0:00:01]} Kc5 {[%emt 0:00:02]} 43. Re6 {[%emt 0:00:02]} Nd4 {[%emt 0:00:02]} 44. Re8 {[%emt 0:00:03]} Kb4 {[%emt 0:00:03]} 45. Re1 {[%emt 0:00:11]} Kxa5 {[%emt 0:00:02]} 46. Rb1 {[%emt 0:00:05]} Re7 {[%emt 0:00:05]} 47. Rb2 {[%emt 0:00:01]} Nf5 {[%emt 0:00:03]} 48. Nc8 {[%emt 0:00:04]} Re3 {[%emt 0:00:02]} 49. Nxd6 {[%emt 0:00:01]} Nxd6 {[%emt 0:00:02]} 50. c5 {[%emt 0:00:01]} Nb5 {[%emt 0:00:02]} 51. d6 {[%emt 0:00:01]} Re8 {[%emt 0:00:03]} 52. Bf7 {[%emt 0:00:01]} Rd8 {[%emt 0:00:01]} 53. Be6 {[%emt 0:00:02]} Nd4 {[%emt 0:00:02]} 54. Re2 {[%emt 0:00:03]} Nxe2 55. Kxe2 {[%emt 0:00:01]} Kb5 {[%emt 0:00:02]} 56. Bg4 {[%emt 0:00:02]} Kxc5 {[%emt 0:00:01]} 57. d7 {[%emt 0:00:00]} Kd6 {[%emt 0:00:02]} 58. Kd2 {[%emt 0:00:01]} Rxd7 {[%emt 0:00:01]} 59. Bxd7 {[%emt 0:00:01]} Kxd7 60. Kd3 b5 {[%emt 0:00:05]} 61. Ke4 {[%emt 0:00:03]} b4 {[%emt 0:00:01]} 62. Kd4 {[%emt 0:00:00]} a5 {[%emt 0:00:01]} 63. Kc4 {[%emt 0:00:01]} Ke6 {[%emt 0:00:01]} 64. h4 {[%emt 0:00:00]} Kf5 {[%emt 0:00:01]} 65. Kb3 {[%emt 0:00:01]} Kg6 {[%emt 0:00:01]} 66. Kc4 {[%emt 0:00:02]} Kh5 {[%emt 0:00:01]} 67. Kb3 {[%emt 0:00:00]} Kxh4 {[%emt 0:00:01]} 68. Kc4 {[%emt 0:00:01]} Kg3 {[%emt 0:00:01]} 69. Kb3 {[%emt 0:00:00]} 0-1

[Event "11th LCC Super Blitz 2019"]
[Site "London"]
[Date "2019.12.08"]
[Round "3.13"]
[White "Dhemrait, Jagdeep"]
[Black "Watson, Steven L"]
[Result "1-0"]
[WhiteElo "1834"]
[BlackElo "1634"]
[Annotator "NA"]
[PlyCount "62"]
[EventDate "2019.12.08"]
[EventType "swiss"]
[EventCountry "ENG"]
[SourceTitle "playchess.com"]
[Source "ChessBase"]
[SourceQuality "1"]
[TimeControl "180+2"]

1. e4 {[%emt 0:00:00]} c5 {[%emt 0:00:01]} 2. Nf3 {[%emt 0:00:02]} d6 {[%emt 0:00:01]} 3. d4 {[%emt 0:00:01]} cxd4 {[%emt 0:00:01]} 4. Nxd4 {[%emt 0:00:01]} Nf6 {[%emt 0:00:01]} 5. Nc3 {[%emt 0:00:01]} a6 {[%emt 0:00:03]} 6. Be3 {[%emt 0:00:03]} e5 {[%emt 0:00:02]} 7. Nb3 {[%emt 0:00:04]} Be7 {[%emt 0:00:03]} 8. a4 {[%emt 0:00:02]} Be6 {[%emt 0:00:03]} 9. f3 {[%emt 0:00:11]} Nbd7 {[%emt 0:00:01]} 10. Nd5 {[%emt 0:00:03]} Nxd5 {[%emt 0:00:21]} 11. exd5 {[%emt 0:00:02]} Bf5 {[%emt 0:00:07]} 12. a5 {[%emt 0:00:14]} Rc8 {[%emt 0:00:17]} 13. c4 {[%emt 0:00:03]} Bg6 {[%emt 0:00:10]} 14. Bd3 {[%emt 0:00:06]} O-O {[%emt 0:00:09]} 15. O-O {[%emt 0:00:07]} f5 {[%emt 0:00:13]} 16. Qb1 {[%emt 0:00:13]} Qe8 {[%emt 0:00:03]} 17. Nd2 {[%emt 0:00:07]} f4 {[%emt 0:00:02]} 18. Bf2 {[%emt 0:00:02]} Bxd3 {[%emt 0:00:09]} 19. Qxd3 {[%emt 0:00:01]} Qh5 {[%emt 0:00:09]} 20. b3 {[%emt 0:00:08]} Rf6 {[%emt 0:00:03]} 21. Ne4 {[%emt 0:00:09]} Rh6 {[%emt 0:00:02]} 22. h3 {[%emt 0:00:02]} Nf6 {[%emt 0:00:07]} 23. Nxf6+ {[%emt 0:00:08]} Bxf6 {[%emt 0:00:03]} 24. Kh2 {[%emt 0:00:09]} Bh4 {[%emt 0:00:03]} 25. Bxh4 {[%emt 0:00:02]} Qxh4 {[%emt 0:00:02]} 26. Qf5 {[%emt 0:00:11]} Qg3+ {[%emt 0:00:09]} 27. Kg1 {[%emt 0:00:01]} Rf8 {[%emt 0:00:06]} 28. Qd7 {[%emt 0:00:02]} Rg6 {[%emt 0:00:06]} 29. Ra2 {[%emt 0:00:03]} h6 {[%emt 0:00:21]} 30. Kh1 {[%emt 0:00:11]} Rf7 {[%emt 0:00:04]} 31. Qc8+ {[%emt 0:00:07]} Kh7 {[%emt 0:00:01]} 1-0

[Event "11th LCC Super Blitz 2019"]
[Site "London"]
[Date "2019.12.08"]
[Round "3.13"]
[White "Tombolis, Christopher"]
[Black "Caceres De La Calle, Eduardo"]
[Result "1-0"]
[WhiteElo "1655"]
[BlackElo "1575"]
[Annotator "NA"]
[PlyCount "73"]
[EventDate "2019.12.08"]
[EventType "swiss"]
[EventCountry "ENG"]
[SourceTitle "playchess.com"]
[Source "ChessBase"]
[SourceQuality "1"]
[TimeControl "180+2"]

1. d4 {[%emt 0:00:00]} d5 {[%emt 0:00:00]} 2. c4 {[%emt 0:00:01]} e6 {[%emt 0:00:02]} 3. Nc3 {[%emt 0:00:01]} Nf6 {[%emt 0:00:01]} 4. Bg5 {[%emt 0:00:01]} h6 {[%emt 0:00:01]} 5. Bh4 {[%emt 0:00:01]} c6 {[%emt 0:00:01]} 6. e3 {[%emt 0:00:04]} Bd6 {[%emt 0:00:01]} 7. Nf3 {[%emt 0:00:02]} Nbd7 {[%emt 0:00:02]} 8. Rc1 {[%emt 0:00:03]} b6 {[%emt 0:00:04]} 9. Bd3 {[%emt 0:00:02]} O-O {[%emt 0:00:02]} 10. O-O {[%emt 0:00:02]} Bb7 {[%emt 0:00:02]} 11. cxd5 {[%emt 0:00:14]} exd5 {[%emt 0:00:04]} 12. e4 {[%emt 0:00:09]} Bf4 {[%emt 0:00:20]} 13. e5 {[%emt 0:00:14]} Bxc1 {[%emt 0:00:03]} 14. Qxc1 {[%emt 0:00:01]} Qc7 {[%emt 0:00:14]} 15. exf6 {[%emt 0:00:02]} Nxf6 {[%emt 0:00:02]} 16. Bxf6 {[%emt 0:00:01]} gxf6 {[%emt 0:00:01]} 17. Qxh6 {[%emt 0:00:01]} Rfe8 {[%emt 0:00:13]} 18. Qh7+ {[%emt 0:00:47]} Kf8 {[%emt 0:00:02]} 19. Qh8+ {[%emt 0:00:06]} Ke7 {[%emt 0:00:02]} 20. Re1+ {[%emt 0:00:00]} Kd7 {[%emt 0:00:02]} 21. Bf5+ {[%emt 0:00:01]} Re6 {[%emt 0:00:07]} 22. Bxe6+ {[%emt 0:00:11]} fxe6 {[%emt 0:00:01]} 23. Qxf6 {[%emt 0:00:03]} Re8 {[%emt 0:00:23]} 24. Ne5+ {[%emt 0:00:04]} Kc8 {[%emt 0:00:02]} 25. Qg6 {[%emt 0:00:14]} Rh8 {[%emt 0:00:10]} 26. Qxe6+ {[%emt 0:00:03]} Kb8 {[%emt 0:00:02]} 27. Qf6 {[%emt 0:00:10]} Qh7 {[%emt 0:00:10]} 28. Nf3 {[%emt 0:00:08]} a5 {[%emt 0:00:25]} 29. Re7 {[%emt 0:00:23]} Qh5 {[%emt 0:00:02]} 30. Qe5+ {[%emt 0:00:04]} Ka7 {[%emt 0:00:08]} 31. Qxh5 {[%emt 0:00:07]} Rxh5 {[%emt 0:00:02]} 32. Ne5 {[%emt 0:00:01]} Rh6 {[%emt 0:00:07]} 33. g4 {[%emt 0:00:07]} Kb8 {[%emt 0:00:02]} 34. g5 {[%emt 0:00:03]} Rh5 {[%emt 0:00:05]} 35. f4 {[%emt 0:00:12]} Bc8 {[%emt 0:00:03]} 36. Nxc6+ {[%emt 0:00:03]} Ka8 {[%emt 0:00:03]} 37. Ra7# {[%emt 0:00:03]} 1-0

[Event "11th LCC Super Blitz 2019"]
[Site "London"]
[Date "2019.12.08"]
[Round "3.14"]
[White "Vaidya, Raghav"]
[Black "Fisher, Neal"]
[Result "1-0"]
[WhiteElo "1467"]
[BlackElo "1522"]
[Annotator "NA"]
[PlyCount "115"]
[EventDate "2019.12.08"]
[EventType "swiss"]
[EventCountry "ENG"]
[SourceTitle "playchess.com"]
[Source "ChessBase"]
[SourceQuality "1"]
[TimeControl "180+2"]

1. c4 {[%emt 0:00:00]} e5 {[%emt 0:00:01]} 2. Nc3 {[%emt 0:00:00]} d6 {[%emt 0:00:02]} 3. g3 {[%emt 0:00:03]} c6 {[%emt 0:00:01]} 4. h3 {[%emt 0:00:02]} Nf6 {[%emt 0:00:02]} 5. Bg2 {[%emt 0:00:01]} Be6 {[%emt 0:00:05]} 6. d3 {[%emt 0:00:02]} Qc7 {[%emt 0:00:04]} 7. e3 {[%emt 0:00:04]} Be7 {[%emt 0:00:03]} 8. Nge2 {[%emt 0:00:02]} O-O {[%emt 0:00:02]} 9. O-O {[%emt 0:00:02]} Qc8 {[%emt 0:00:04]} 10. Kh2 {[%emt 0:00:02]} Nbd7 {[%emt 0:00:07]} 11. b3 {[%emt 0:00:01]} Re8 {[%emt 0:00:04]} 12. Bb2 {[%emt 0:00:02]} Nf8 {[%emt 0:00:01]} 13. d4 {[%emt 0:00:06]} Ng6 {[%emt 0:00:02]} 14. d5 {[%emt 0:00:05]} Bd7 {[%emt 0:00:01]} 15. dxc6 {[%emt 0:00:19]} Bxc6 {[%emt 0:00:01]} 16. Bxc6 {[%emt 0:00:02]} Qxc6 {[%emt 0:00:02]} 17. Nd5 {[%emt 0:00:01]} Nxd5 {[%emt 0:00:03]} 18. cxd5 {[%emt 0:00:04]} Qd7 {[%emt 0:00:06]} 19. e4 {[%emt 0:00:03]} Rac8 {[%emt 0:00:10]} 20. Rc1 {[%emt 0:00:02]} Rxc1 {[%emt 0:00:02]} 21. Qxc1 {[%emt 0:00:01]} Rc8 {[%emt 0:00:00]} 22. Qd2 {[%emt 0:00:08]} h6 {[%emt 0:00:04]} 23. Rc1 {[%emt 0:00:03]} Rxc1 {[%emt 0:00:08]} 24. Qxc1 {[%emt 0:00:02]} Bg5 {[%emt 0:00:03]} 25. f4 {[%emt 0:00:10]} exf4 {[%emt 0:00:02]} 26. gxf4 {[%emt 0:00:01]} Be7 {[%emt 0:00:08]} 27. Ng3 {[%emt 0:00:13]} Bf6 {[%emt 0:00:11]} 28. Bxf6 {[%emt 0:00:06]} gxf6 {[%emt 0:00:01]} 29. Qe3 {[%emt 0:00:18]} b6 {[%emt 0:00:01]} 30. a4 {[%emt 0:00:02]} Qe7 {[%emt 0:00:04]} 31. Nf5 {[%emt 0:00:08]} Qf8 {[%emt 0:00:03]} 32. Kg3 {[%emt 0:00:07]} Kh7 {[%emt 0:00:09]} 33. Qc3 {[%emt 0:00:06]} Qd8 {[%emt 0:00:05]} 34. Qc6 {[%emt 0:00:09]} Qg8 {[%emt 0:00:10]} 35. Kf3 {[%emt 0:00:06]} Nf8 {[%emt 0:00:30]} 36. Qxd6 {[%emt 0:00:05]} Ng6 {[%emt 0:00:25]} 37. Qxf6 {[%emt 0:00:06]} Qf8 {[%emt 0:00:18]} 38. Nd6 {[%emt 0:00:20]} h5 {[%emt 0:00:17]} 39. Qxf7+ {[%emt 0:00:05]} Qxf7 {[%emt 0:00:01]} 40. Nxf7 {[%emt 0:00:02]} Kg7 {[%emt 0:00:00]} 41. Nd6 {[%emt 0:00:08]} Kf8 {[%emt 0:00:01]} 42. e5 {[%emt 0:00:03]} Ke7 {[%emt 0:00:01]} 43. Ke4 {[%emt 0:00:11]} Nh4 {[%emt 0:00:02]} 44. f5 {[%emt 0:00:05]} Ng2 {[%emt 0:00:03]} 45. f6+ {[%emt 0:00:04]} Kd7 {[%emt 0:00:01]} 46. Nc4 {[%emt 0:00:12]} Nh4 {[%emt 0:00:01]} 47. e6+ {[%emt 0:00:02]} Ke8 {[%emt 0:00:01]} 48. d6 {[%emt 0:00:09]} Ng6 {[%emt 0:00:01]} 49. f7+ {[%emt 0:00:02]} Kf8 {[%emt 0:00:00]} 50. Ne5 {[%emt 0:00:06]} h4 {[%emt 0:00:15]} 51. Nxg6+ {[%emt 0:00:02]} Kg7 {[%emt 0:00:00]} 52. f8=Q+ {[%emt 0:00:04]} Kxg6 {[%emt 0:00:01]} 53. e7 {[%emt 0:00:02]} Kg5 {[%emt 0:00:01]} 54. e8=Q {[%emt 0:00:05]} b5 {[%emt 0:00:01]} 55. Qe5+ {[%emt 0:00:02]} Kg6 {[%emt 0:00:02]} 56. Qff6+ {[%emt 0:00:01]} Kh7 {[%emt 0:00:01]} 57. Qee7+ {[%emt 0:00:01]} Kg8 {[%emt 0:00:02]} 58. Qff8# {[%emt 0:00:01]} 1-0

[Event "11th LCC Super Blitz 2019"]
[Site "London"]
[Date "2019.12.08"]
[Round "3.14"]
[White "Neo, Jing Yi Mischa"]
[Black "Saidmurodov, Shahjahon"]
[Result "0-1"]
[WhiteElo "1240"]
[BlackElo "1812"]
[Annotator "NA"]
[PlyCount "34"]
[EventDate "2019.12.08"]
[EventType "swiss"]
[EventCountry "ENG"]
[SourceTitle "playchess.com"]
[Source "ChessBase"]
[SourceQuality "1"]
[TimeControl "180+2"]

1. e4 {[%emt 0:00:00]} e5 {[%emt 0:00:00]} 2. f4 {[%emt 0:00:01]} Bc5 {[%emt 0:00:00]} 3. Nf3 {[%emt 0:00:03]} d6 {[%emt 0:00:01]} 4. Nc3 {[%emt 0:00:02]} Nf6 {[%emt 0:00:02]} 5. Bc4 {[%emt 0:00:04]} Bg4 {[%emt 0:00:01]} 6. d3 {[%emt 0:00:10]} Nc6 {[%emt 0:00:02]} 7. h3 {[%emt 0:00:13]} Bxf3 {[%emt 0:00:06]} 8. Qxf3 {[%emt 0:00:01]} Nd4 {[%emt 0:00:00]} 9. Qd1 {[%emt 0:00:14]} c6 {[%emt 0:00:40]} 10. Rf1 {[%emt 0:00:49]} Qe7 {[%emt 0:00:14]} 11. Na4 {[%emt 0:00:21]} d5 {[%emt 0:00:34]} 12. Nxc5 {[%emt 0:00:14]} dxc4 {[%emt 0:00:05]} 13. dxc4 {[%emt 0:00:06]} Qxc5 {[%emt 0:00:02]} 14. b3 {[%emt 0:00:17]} Nxe4 {[%emt 0:00:08]} 15. Be3 {[%emt 0:00:12]} Nxc2+ {[%emt 0:00:04]} 16. Qxc2 {[%emt 0:00:12]} Qxe3+ {[%emt 0:00:01]} 17. Qe2 {[%emt 0:00:07]} Qc3+ {[%emt 0:00:04]} 0-1

[Event "11th LCC Super Blitz 2019"]
[Site "London"]
[Date "2019.12.08"]
[Round "3.15"]
[White "Kirupakaran, Vishnu"]
[Black "Essis, Essoh Jean Mathieu C"]
[Result "1-0"]
[WhiteElo "1871"]
[BlackElo "1438"]
[Annotator "NA"]
[PlyCount "65"]
[EventDate "2019.12.08"]
[EventType "swiss"]
[EventCountry "ENG"]
[SourceTitle "playchess.com"]
[Source "ChessBase"]
[SourceQuality "1"]
[TimeControl "180+2"]

1. e4 {[%emt 0:00:01]} e5 {[%emt 0:00:00]} 2. Nf3 {[%emt 0:00:02]} Nc6 {[%emt 0:00:00]} 3. Bb5 {[%emt 0:00:11]} a6 {[%emt 0:00:03]} 4. Ba4 {[%emt 0:00:02]} Nf6 {[%emt 0:00:03]} 5. O-O {[%emt 0:00:03]} b5 {[%emt 0:00:06]} 6. Bb3 {[%emt 0:00:02]} h6 {[%emt 0:00:02]} 7. Re1 {[%emt 0:00:10]} d6 {[%emt 0:00:01]} 8. c3 {[%emt 0:00:02]} Bg4 {[%emt 0:00:01]} 9. h3 {[%emt 0:00:01]} Bh5 {[%emt 0:00:04]} 10. d3 {[%emt 0:00:07]} b4 {[%emt 0:00:04]} 11. Ba4 {[%emt 0:00:18]} Qd7 {[%emt 0:00:13]} 12. cxb4 {[%emt 0:00:02]} Be7 {[%emt 0:00:10]} 13. Nbd2 {[%emt 0:00:03]} O-O {[%emt 0:00:02]} 14. Nf1 {[%emt 0:00:03]} d5 {[%emt 0:00:15]} 15. Ng3 {[%emt 0:00:10]} Bxf3 {[%emt 0:00:03]} 16. Qxf3 {[%emt 0:00:02]} Qd6 {[%emt 0:00:14]} 17. a3 {[%emt 0:00:13]} Nd4 {[%emt 0:00:00]} 18. Qd1 {[%emt 0:00:07]} c5 {[%emt 0:00:00]} 19. bxc5 Qxc5 {[%emt 0:00:00]} 20. Be3 {[%emt 0:00:14]} Qa7 {[%emt 0:00:07]} 21. Nf5 {[%emt 0:00:08]} Nxf5 {[%emt 0:00:03]} 22. Bxa7 {[%emt 0:00:03]} dxe4 {[%emt 0:00:04]} 23. dxe4 {[%emt 0:00:03]} Rfd8 {[%emt 0:00:01]} 24. Qc1 {[%emt 0:00:16]} Nd4 {[%emt 0:00:16]} 25. Bxd4 {[%emt 0:00:08]} Rxd4 {[%emt 0:00:01]} 26. Bb3 {[%emt 0:00:37]} Rb8 {[%emt 0:00:04]} 27. Bd5 {[%emt 0:00:08]} Nxd5 {[%emt 0:00:02]} 28. exd5 {[%emt 0:00:02]} Rxd5 {[%emt 0:00:02]} 29. Qc7 {[%emt 0:00:10]} Re8 {[%emt 0:00:03]} 30. Rxe5 {[%emt 0:00:05]} Rxe5 {[%emt 0:00:03]} 31. Qxe5 {[%emt 0:00:02]} Kf8 {[%emt 0:00:02]} 32. Re1 {[%emt 0:00:07]} Bf6 {[%emt 0:00:01]} 33. Qxe8# {[%emt 0:00:03] Be5} 1-0

[Event "11th LCC Super Blitz 2019"]
[Site "London"]
[Date "2019.12.08"]
[Round "4.1"]
[White "Aravindh, Chithambaram Vr"]
[Black "Howell, David Wl"]
[Result "1/2-1/2"]
[WhiteElo "2560"]
[BlackElo "2650"]
[Annotator "ChessBase"]
[PlyCount "54"]
[EventDate "2019.12.08"]
[EventType "swiss"]
[EventCountry "ENG"]
[SourceTitle "playchess.com"]
[Source "ChessBase"]
[SourceQuality "1"]
[TimeControl "180+2"]

1. Nf3 {[%emt 0:00:00]} Nf6 {[%emt 0:00:03]} 2. c4 {[%emt 0:00:01]} b6 {[%emt 0:00:02]} 3. g3 {[%emt 0:00:03]} Bb7 {[%emt 0:00:01]} 4. Bg2 {[%emt 0:00:02]} g6 {[%emt 0:00:02]} 5. b3 {[%emt 0:00:04]} Bg7 {[%emt 0:00:01]} 6. Bb2 {[%emt 0:00:02]} O-O {[%emt 0:00:02]} 7. O-O {[%emt 0:00:02]} c5 {[%emt 0:00:08]} 8. d4 {[%emt 0:00:03]} cxd4 {[%emt 0:00:08]} 9. Qxd4 {[%emt 0:00:02]} d5 {[%emt 0:00:21]} 10. cxd5 {[%emt 0:00:24]} Qxd5 {[%emt 0:00:11]} 11. Na3 {[%emt 0:00:17]} Nc6 {[%emt 0:00:24]} 12. Qf4 {[%emt 0:00:28]} Nh5 {[%emt 0:00:51]} 13. Qc1 {[%emt 0:00:01]} Rac8 {[%emt 0:00:06]} 14. Nc4 {[%emt 0:00:25]} Bxb2 {[%emt 0:00:21]} 15. Qxb2 {[%emt 0:00:02]} Qe6 {[%emt 0:00:00]} 16. Nfe5 {[%emt 0:00:29]} Nxe5 {[%emt 0:00:33]} 17. Bxb7 {[%emt 0:00:02]} Rc7 {[%emt 0:00:01]} 18. Qxe5 {[%emt 0:00:06]} Qxe5 {[%emt 0:00:01]} 19. Nxe5 {[%emt 0:00:02]} Rxb7 {[%emt 0:00:01]} 20. Rfc1 {[%emt 0:00:10]} Rd8 {[%emt 0:00:03]} 21. Rc2 {[%emt 0:00:06]} Ng7 {[%emt 0:00:07]} 22. Rac1 {[%emt 0:00:08]} Ne6 {[%emt 0:00:01]} 23. Rc8 {[%emt 0:00:10]} Rxc8 {[%emt 0:00:02]} 24. Rxc8+ {[%emt 0:00:01]} Kg7 {[%emt 0:00:00]} 25. f4 {[%emt 0:00:20]} f6 {[%emt 0:00:01]} 26. Nd3 {[%emt 0:00:03]} Kf7 {[%emt 0:00:05]} 27. Kf2 {[%emt 0:00:01]} Rc7 {[%emt 0:00:03]} 1/2-1/2

[Event "11th LCC Super Blitz 2019"]
[Site "London"]
[Date "2019.12.08"]
[Round "4.1"]
[White "Pert, Nicholas"]
[Black "Adams, Michael"]
[Result "1/2-1/2"]
[WhiteElo "2560"]
[BlackElo "2701"]
[Annotator "TA"]
[PlyCount "43"]
[EventDate "2019.12.08"]
[EventType "swiss"]
[EventCountry "ENG"]
[SourceTitle "playchess.com"]
[Source "ChessBase"]
[SourceQuality "1"]

{[%evp 14,43,23,5,12,4,24,12,12,12,12,23,24,13,14,13,12,0,0,4,16,19,10,0,20,8,68,39,40,44,47,45]} 1. d4 Nf6 2. Nf3 e6 3. c4 d5 4. Nc3 Be7 5. Bf4 O-O 6. e3 Nbd7 7. c5 c6 8. h3 b6 {D37: Queen's Gambit Declined: 5 Bf4} 9. b4 h6 10. Bd3 a5 {The position is equal.} 11. a3 Ba6 {[#] Strongly threatening ...Bxd3.} 12. O-O Qc8 13. Qe2 Bxd3 14. Qxd3 Qb7 15. Rfb1 {[#]} Ra7 $146 ({Predecessor:} 15... axb4 16. axb4 Rxa1 17. Rxa1 Ra8 18. Qd1 Rxa1 19. Qxa1 bxc5 20. bxc5 g5 21. Bg3 Qb4 22. Kh1 Kg7 {½-½ (22) Starke,R (2666)-De Oliveira,M (2565) ICCF email 2010}) 16. Qd1 axb4 17. axb4 Rfa8 18. Ne1 Bd8 19. Nd3 Bc7 (19... b5 $11) 20. Rxa7 {White is slightly better.} Rxa7 21. Bxc7 Qxc7 22. Ra1 {Accuracy: White = 33%, Black = 61%.} 1/2-1/2

[Event "11th LCC Super Blitz 2019"]
[Site "London"]
[Date "2019.12.08"]
[Round "4.1"]
[White "Royal, Shreyas"]
[Black "Maze, Sebastien"]
[Result "1/2-1/2"]
[WhiteElo "1941"]
[BlackElo "2549"]
[Annotator "ChessBase"]
[PlyCount "102"]
[EventDate "2019.12.08"]
[EventType "swiss"]
[EventCountry "ENG"]
[SourceTitle "playchess.com"]
[Source "ChessBase"]
[SourceQuality "1"]
[TimeControl "180+2"]

1. d4 {[%emt 0:00:00]} Nf6 {[%emt 0:00:00]} 2. c4 {[%emt 0:00:00]} g6 {[%emt 0:00:00]} 3. Nc3 {[%emt 0:00:01]} Bg7 {[%emt 0:00:01]} 4. e4 {[%emt 0:00:01]} d6 {[%emt 0:00:01]} 5. Nge2 {[%emt 0:00:02]} O-O {[%emt 0:00:11]} 6. Ng3 {[%emt 0:00:01]} h5 {[%emt 0:00:01]} 7. Be2 {[%emt 0:00:03]} c5 {[%emt 0:00:04]} 8. d5 {[%emt 0:00:03]} e6 {[%emt 0:00:03]} 9. O-O {[%emt 0:00:08]} exd5 {[%emt 0:00:03]} 10. cxd5 {[%emt 0:00:02]} h4 {[%emt 0:00:01]} 11. Nh1 {[%emt 0:00:02]} a6 {[%emt 0:00:11]} 12. a4 {[%emt 0:00:02]} h3 {[%emt 0:00:12]} 13. g4 {[%emt 0:00:01]} Nbd7 {[%emt 0:00:04]} 14. f3 {[%emt 0:00:02]} Nh7 {[%emt 0:00:03]} 15. Be3 {[%emt 0:00:14]} f5 {[%emt 0:00:10]} 16. gxf5 {[%emt 0:00:43]} gxf5 {[%emt 0:00:00]} 17. exf5 {[%emt 0:00:02]} Rxf5 {[%emt 0:00:09]} 18. Nf2 {[%emt 0:00:02]} Ne5 {[%emt 0:00:11]} 19. f4 {[%emt 0:00:09]} Ng6 {[%emt 0:00:05]} 20. Bg4 {[%emt 0:00:16]} Rf7 {[%emt 0:00:24]} 21. Nxh3 {[%emt 0:00:12]} Qh4 {[%emt 0:00:07]} 22. Bxc8 Rxc8 {[%emt 0:00:01]} 23. Qf3 {[%emt 0:00:10]} Re8 {[%emt 0:00:23]} 24. Bf2 {[%emt 0:00:06]} Qh6 {[%emt 0:00:07]} 25. Kh1 {[%emt 0:00:18]} Nxf4 {[%emt 0:00:06]} 26. Nxf4 {[%emt 0:00:01]} Rxf4 {[%emt 0:00:04]} 27. Qg2 {[%emt 0:00:02]} Ref8 {[%emt 0:00:23]} 28. Bg3 {[%emt 0:00:12]} Rxf1+ {[%emt 0:00:02]} 29. Rxf1 {[%emt 0:00:01]} Rxf1+ {[%emt 0:00:01]} 30. Qxf1 {[%emt 0:00:00]} Qg6 {[%emt 0:00:03]} 31. Qe2 {[%emt 0:00:16]} Ng5 {[%emt 0:00:05]} 32. Qg4 {[%emt 0:00:18]} Qf6 {[%emt 0:00:10]} 33. Kg2 {[%emt 0:00:08]} b5 {[%emt 0:00:05]} 34. axb5 {[%emt 0:00:01]} axb5 {[%emt 0:00:01]} 35. Bh4 {[%emt 0:00:06]} Bh6 {[%emt 0:00:14]} 36. Bxg5 {[%emt 0:00:01]} Bxg5 {[%emt 0:00:05]} 37. h4 {[%emt 0:00:05]} Kf7 {[%emt 0:00:02]} 38. Qxg5 {[%emt 0:00:02]} Qd4 {[%emt 0:00:01]} 39. Qf5+ {[%emt 0:00:01]} Kg7 {[%emt 0:00:01]} 40. Qg5+ {[%emt 0:00:02]} Kf7 {[%emt 0:00:01]} 41. Qf5+ {[%emt 0:00:01]} Kg7 {[%emt 0:00:00]} 42. Qd7+ {[%emt 0:00:02]} Kg8 {[%emt 0:00:02]} 43. Qe6+ {[%emt 0:00:01]} Kg7 {[%emt 0:00:00]} 44. Qe7+ {[%emt 0:00:03]} Kg8 {[%emt 0:00:01]} 45. Qg5+ {[%emt 0:00:05]} Kf7 {[%emt 0:00:01]} 46. Qf5+ {[%emt 0:00:03]} Kg7 {[%emt 0:00:01]} 47. Qd7+ {[%emt 0:00:04]} Kg8 {[%emt 0:00:00]} 48. Qe6+ {[%emt 0:00:08]} Kg7 {[%emt 0:00:01]} 49. Qe7+ {[%emt 0:00:04]} Kg8 {[%emt 0:00:01]} 50. Qe8+ {[%emt 0:00:01]} Kg7 {[%emt 0:00:01]} 51. Qe7+ {[%emt 0:00:03]} Kg8 {[%emt 0:00:01]} 1/2-1/2